[Event "Vienna op-C"]
[Site "Vienna"]
[Date "1996.??.??"]
[Round "5"]
[White "Nowik, Volker"]
[Black "Hainzinger, Johann"]
[Result "0-1"]
[WhiteElo "2165"]
[BlackElo "2105"]
[PlyCount "66"]
[EventDate "1996.08.??"]
[EventType "swiss"]
[EventRounds "9"]
[EventCountry "AUT"]
[SourceTitle "EXT 2000"]
[Source "ChessBase"]
[SourceDate "1999.11.16"]
[SourceVersion "1"]
[SourceVersionDate "1999.11.16"]
[SourceQuality "1"]

1. e4 g6 2. d4 Bg7 3. Nc3 d6 4. Be3 Nc6 5. Bb5 a6 6. Bxc6+ bxc6 7. Nf3 Nf6 8. h3 0-0 9. 0-0 Rb8 10. Rb1 Nd7 11. Qd2 Re8 12. Bh6 Bh8 13. Rfd1 c5 14. e5 cxd4 15. e6 fxe6 16. Nxd4 Ne5 17. Ne4 c5 18. Nb3 Qb6 19. Qf4 Nf7 20. Bg5 Bg7 21. Qh4 Nxg5 22. Qxg5 Qb4 23. Re1 c4 24. Nbd2 Rb5 25. Qe3 Rf8 26. a3 Qa4 27. Nc3 Qxc2 28. Nxb5 axb5 29. Rec1 Qf5 30. Ne4 Bb7 31. Ng3 Qd5 32. Kf1 Bd4 33. Ke2 Bxe3 0-1

[Event "AUT-chT2O 9596"]
[Site "Austria"]
[Date "1995.??.??"]
[Round "5"]
[White "Hainzinger, Johann"]
[Black "Wallner, Alfred"]
[Result "0-1"]
[WhiteElo "2125"]
[BlackElo "2185"]
[PlyCount "50"]
[EventDate "1995.??.??"]
[EventType "team"]
[EventRounds "11"]
[EventCountry "AUT"]
[SourceTitle "EXT 1999"]
[Source "ChessBase"]
[SourceDate "1998.11.16"]
[SourceVersion "1"]
[SourceVersionDate "1998.11.16"]
[SourceQuality "1"]

1. d4 Nf6 2. c4 g6 3. Nc3 Bg7 4. e4 d6 5. f3 0-0 6. Be3 Nc6 7. Nge2 a6 8. Qd2 Rb8 9. Nc1 e5 10. Nb3 exd4 11. Nxd4 Ne5 12. Rd1 c5 13. Nc2 b5 14. cxb5 axb5 15. Nxb5 Ba6 16. Nca3 c4 17. Nxd6 Nd3+ 18. Bxd3 cxd3 19. Ndc4 Nxe4 20. fxe4 Qh4+ 21. Kf1 f5 22. g3 Qxe4 23. Rg1 Qf3+ 24. Ke1 Rxb2 25. Rf1 Qe2+ 0-1